An introduction to the kinetic theory of gases (Record no. 3962)

000 -LEADER
fixed length control field 00375nam a22001337a 4500
008 - FIXED-LENGTH DATA ELEMENTS--GENERAL INFORMATION
fixed length control field 200708b ||||| |||| 00| 0 eng d
082 00 - DEWEY DECIMAL CLASSIFICATION NUMBER
Classification number 533.7
Item number J438
100 ## - MAIN ENTRY--PERSONAL NAME
9 (RLIN) 1971
Personal name Jeans, James.
245 10 - TITLE STATEMENT
Title An introduction to the kinetic theory of gases
260 ## - PUBLICATION, DISTRIBUTION, ETC. (IMPRINT)
Place of publication, distribution, etc Cambridge
Name of publisher, distributor, etc Cambridge University Press
Date of publication, distribution, etc 1952
300 ## - PHYSICAL DESCRIPTION
Extent 311p.
365 ## - TRADE PRICE
Unit of pricing 14.00
942 ## - ADDED ENTRY ELEMENTS (KOHA)
Item type Books
Holdings
Withdrawn status Lost status Source of classification or shelving scheme Damaged status Not for loan Permanent location Current location Date acquired Source of acquisition Full call number Barcode Date last seen Koha item type
          IMU Kolkata IMU Kolkata 1962-03-15 Newman & Co 533.7 J438 02710 2020-07-08 Books
Designed and Maintained by IMU-KC Library, Kolkata Campus © Copyright All Rights Reserved

webs counters

Powered by Koha